Lecturas para mi / (Registro nro. 7574)

Detalles MARC
000 -LEADER
fixed length control field 00911nam a2200265 u 4500
001 - CONTROL NUMBER
control field 000020416
003 - CONTROL NUMBER IDENTIFIER
control field DO-SdBNP
005 - DATE AND TIME OF LATEST TRANSACTION
control field 20251015112433.0
007 - PHYSICAL DESCRIPTION FIXED FIELD--GENERAL INFORMATION
fixed length control field 000020416
008 - FIXED-LENGTH DATA ELEMENTS--GENERAL INFORMATION
fixed length control field 100806s1998 dr a r 000 0 spa d
040 ## - CATALOGING SOURCE
Original cataloging agency BPMET
Language of cataloging spa
Transcribing agency BPMET
092 ## - LOCALLY ASSIGNED DEWEY CALL NUMBER (OCLC)
Classification number 372.412
Item number G633l
100 1# - MAIN ENTRY--PERSONAL NAME
Personal name Gómez, Fiume
245 10 - TITLE STATEMENT
Title Lecturas para mi /
Statement of responsibility, etc. Fiume Gómez, Laura Féliz.
260 ## - PUBLICATION, DISTRIBUTION, ETC. (IMPRINT)
Place of publication, distribution, etc. Santo Domingo :
Name of publisher, distributor, etc. Amigo del Hogar,
Date of publication, distribution, etc. 1998.
300 ## - PHYSICAL DESCRIPTION
Extent 128, 65 p. :
Other physical details il. ;
Dimensions 28 cm.
500 ## - GENERAL NOTE
General note Libro complementario de lectura para el 3er. y primer grado del nivel básico
500 ## - GENERAL NOTE
General note La biblioteca posee el v. 1-2
505 ## - FORMATTED CONTENTS NOTE
Miscellaneous information v. 1 :
Title Primer grado del nivel básico
Miscellaneous information v. 2
Title Tercer grado del nivel básico
650 #4 - SUBJECT ADDED ENTRY--TOPICAL TERM
Topical term or geographic name as entry element LECTURA ELEMENTA
General subdivision LIBROS DE TEXTO
650 #4 - SUBJECT ADDED ENTRY--TOPICAL TERM
Topical term or geographic name as entry element JUEGOS DE LECTURA
942 ## - ADDED ENTRY ELEMENTS (KOHA)
Source of classification or shelving scheme Dewey Decimal Classification
Koha item type Libros
956 ## - LOCAL ELECTRONIC LOCATION AND ACCESS (OCLC)
Host name IGARCIA
Access number 10
Compression information 20100806
Logon BND01
Processor of request 1545
956 ## - LOCAL ELECTRONIC LOCATION AND ACCESS (OCLC)
Host name TMEREDITH
Access number 20
Compression information 20100809
Logon BND01
Processor of request 1117
Existencias
Withdrawn status Lost status Source of classification or shelving scheme Damaged status Not for loan Collection code Home library Current library Date acquired Total Checkouts Barcode Date last seen Price effective from Koha item type Copy number
    Dewey Decimal Classification       Biblioteca Pública Metropolitana Salomé Ureña Biblioteca Pública Metropolitana Salomé Ureña 03/09/2015   BPMET15040311 03/09/2015 03/09/2015 Libros  
    Dewey Decimal Classification       Biblioteca Pública Metropolitana Salomé Ureña Biblioteca Pública Metropolitana Salomé Ureña 03/09/2015   BPMET15040312 03/09/2015 03/09/2015 Libros ej. 2
    Dewey Decimal Classification       Biblioteca Pública Metropolitana Salomé Ureña Biblioteca Pública Metropolitana Salomé Ureña 03/09/2015   BPMET15040313 03/09/2015 03/09/2015 Libros ej. 3